000 00608nam a2200253Ia 4500
003 SMC
005 20181017091747.0
008 180620s9999 xx 000 0 und d
020 _a81-8205-268-8
050 _aREF QA 76.15
050 _b.A23 2005
100 _aFernandes, James.
245 0 _aAcademic dictionary of internet /
245 0 _cedited by James Fernandes.
260 _aNew Delhi, India:
260 _bIsha Books
260 _c2005
300 _a311 pages :
300 _c23 cm.
650 _aInternet --
650 _aInternet.
650 _xDictionaries.
942 _2lcc
_cBK
999 _c358026
_d358026